<?xml version="1.0" encoding="UTF-8"?><marc:collection xmlns:marc="http://www.loc.gov/MARC21/slim">
  <marc:record>
    <marc:leader>00000nam  2200000za 4500</marc:leader>
    <marc:controlfield tag="001">9.838526</marc:controlfield>
    <marc:controlfield tag="003">CaOODSP</marc:controlfield>
    <marc:controlfield tag="005">20221107151411</marc:controlfield>
    <marc:controlfield tag="007">cr |||||||||||</marc:controlfield>
    <marc:controlfield tag="008">170619s1994    onc    #oi   f000 0 fre d</marc:controlfield>
    <marc:datafield tag="040" ind1=" " ind2=" ">
      <marc:subfield code="a">CaOODSP</marc:subfield>
      <marc:subfield code="b">fre</marc:subfield>
    </marc:datafield>
    <marc:datafield tag="043" ind1=" " ind2=" ">
      <marc:subfield code="a">n-cn---</marc:subfield>
    </marc:datafield>
    <marc:datafield tag="086" ind1="1" ind2=" ">
      <marc:subfield code="a">SB4-46/1994F-PDF</marc:subfield>
    </marc:datafield>
    <marc:datafield tag="100" ind1="1" ind2=" ">
      <marc:subfield code="a">Gadoury, Lorraine,</marc:subfield>
      <marc:subfield code="d">1956-</marc:subfield>
    </marc:datafield>
    <marc:datafield tag="245" ind1="1" ind2="4">
      <marc:subfield code="a">Les condamnées/es à la peine de mort au Canada, 186-1976 </marc:subfield>
      <marc:subfield code="h">[ressource électronique] : </marc:subfield>
      <marc:subfield code="b">un répertoire des dossiers individuels conservés dans le fonds du ministère de la Justice / </marc:subfield>
      <marc:subfield code="c">Lorraine Gadoury et Antonio Lechasseur.</marc:subfield>
    </marc:datafield>
    <marc:datafield tag="260" ind1=" " ind2=" ">
      <marc:subfield code="a">[Ottawa] : </marc:subfield>
      <marc:subfield code="b">Archives nationales du Canada, </marc:subfield>
      <marc:subfield code="c">c1994.</marc:subfield>
    </marc:datafield>
    <marc:datafield tag="300" ind1=" " ind2=" ">
      <marc:subfield code="a">345 p.</marc:subfield>
    </marc:datafield>
    <marc:datafield tag="500" ind1=" " ind2=" ">
      <marc:subfield code="a">Publi. aussi en anglais sous le titre : Persons sentenced to death in Canada, 1867-1976.</marc:subfield>
    </marc:datafield>
    <marc:datafield tag="500" ind1=" " ind2=" ">
      <marc:subfield code="a">Titre de la couv.</marc:subfield>
    </marc:datafield>
    <marc:datafield tag="520" ind1=" " ind2=" ">
      <marc:subfield code="a">« Cet ouvrage de référence sur les condamnés/es à la peine de mort au Canada couvre la période qui s'étend de la Confédération à l'abolition de la peine capitale en 1976. Les dossiers qui sont décrits dans la partie principale de l'ouvrage (le répertoire alphabétique) sont ceux de toutes les personnes qui ont été condamnées à être exécutées suite à leur procès pour meurtre (on retrouve également quelques cas de condamnations pour viol, haute trahison ou cambriolage dans les premières années). Dans tous ces cas, le dossier du condamné devait être envoyé au ministère de la Justice pour que le Gouverneur général puisse décider en dernier ressort si la peine de mort devait être appliquée ou si on devait plutôt commuer la peine. C'est ainsi que les dossiers, comprenant des transcriptions des procès, des pétitions et lettres du public, des rapports et des recommandations provenant de divers instances se retrouvent dans le fonds du ministère de la Justice conservé aux Archives nationales du Canada »--Introduction, p. 5.</marc:subfield>
    </marc:datafield>
    <marc:datafield tag="692" ind1="0" ind2="7">
      <marc:subfield code="2">gccst</marc:subfield>
      <marc:subfield code="a">Archives</marc:subfield>
    </marc:datafield>
    <marc:datafield tag="692" ind1="0" ind2="7">
      <marc:subfield code="2">gccst</marc:subfield>
      <marc:subfield code="a">Justice pénale</marc:subfield>
    </marc:datafield>
    <marc:datafield tag="700" ind1="1" ind2=" ">
      <marc:subfield code="a">Lechasseur, Antonio,</marc:subfield>
      <marc:subfield code="d">1955-</marc:subfield>
    </marc:datafield>
    <marc:datafield tag="710" ind1="2" ind2=" ">
      <marc:subfield code="a">Archives nationales du Canada.</marc:subfield>
    </marc:datafield>
    <marc:datafield tag="775" ind1="0" ind2="8">
      <marc:subfield code="t">Persons sentenced to death in Canada, 1867-1976 </marc:subfield>
      <marc:subfield code="w">(CaOODSP)9.838470</marc:subfield>
    </marc:datafield>
    <marc:datafield tag="856" ind1="4" ind2="0">
      <marc:subfield code="q">PDF</marc:subfield>
      <marc:subfield code="s">1.0 Mo</marc:subfield>
      <marc:subfield code="u">https://publications.gc.ca/collections/collection_2017/bac-lac/SB4-46-1994-fra.pdf</marc:subfield>
    </marc:datafield>
  </marc:record>
</marc:collection>
